The space of the city in Graeco-Roman Egypt : image and reality /

محفوظ في:

مؤلف مشترك: Reunió de Treball "La Concepció de l'Espai a l'Egipte Grecoromà" Tarragona, Spain).

مؤلفون آخرون: Subías, Eva.

التنسيق: وقائع المؤتمر كتاب

اللغة: English
French
Spanish

منشور في: Tarragona : Institut Catala d'Arqueologia Classica, 2011.

سلاسل: Documenta ; 22.

الموضوعات:

الوسوم: إضافة وسم

لا توجد وسوم, كن أول من يضع وسما على هذه التسجيلة!

رقم الطلب: HT114 .R48 2010

LEADER 01386nam a22003377a 4500
003 OSt
005 20250827092040.0
008 270303s2011 sp ab g b 100 0 eng d
010 |a 2012531830 
020 |a 9788493903350 
040 |c ARCE Library 
041 0 |a eng  |a fre  |a spa  |b eng 
043 |a f-ua--- 
050 1 4 |a HT114   |b .R48 2010 
111 2 |a Reunió de Treball "La Concepció de l'Espai a l'Egipte Grecoromà"   |d (2010 :   |c Tarragona, Spain).  |9 21125 
245 1 4 |a The space of the city in Graeco-Roman Egypt :   |b image and reality /   |c edited by Eva Subías ... [et al.]. 
264 1 |a Tarragona :   |b Institut Catala d'Arqueologia Classica,   |c 2011. 
300 |a 222 pages :   |b illustrations (chiefly color), maps (some color) ;   |c 30 cm. 
490 1 |a Documenta ;   |v 22. 
500 |a Proceedings of the conference held in Tarragona, Spain, Sept. 30-Oct. 1, 2010. 
504 |a Includes bibliographical references. 
546 |a Contributions in English, French, and Spanish with abstract in English. 
650 0 |a Cities and towns, Ancient  |z Egypt  |v Congresses. 
650 0 |a City planning  |z Egypt  |x History  |v Congresses. 
651 0 |a Egypt  |x Antiquities  |v Congresses. 
651 0 |a Egypt  |x History  |y Greco Roman period, 332 B.C.-640 A.D.  |v Congresses. 
700 1 |a Subías, Eva.  |9 40639 
830 0 |a Documenta ;   |v 22. 
901 |a reviewed 
942 |c BK  |2 lcc 
999 |c 23655  |d 23655